<?xml version='1.0' encoding='UTF-8'?><?xml-stylesheet href='static/style.xsl' type='text/xsl'?><OAI-PMH xmlns="http://www.openarchives.org/OAI/2.0/" xmlns:xsi="http://www.w3.org/2001/XMLSchema-instance" xsi:schemaLocation="http://www.openarchives.org/OAI/2.0/ http://www.openarchives.org/OAI/2.0/OAI-PMH.xsd"><responseDate>2026-04-30T16:39:54Z</responseDate><request verb="GetRecord" identifier="oai:ebiltegia.mondragon.edu:20.500.11984/1789" metadataPrefix="marc">https://ebiltegia.mondragon.edu/oai/request</request><GetRecord><record><header><identifier>oai:ebiltegia.mondragon.edu:20.500.11984/1789</identifier><datestamp>2024-03-05T12:14:29Z</datestamp><setSpec>com_20.500.11984_473</setSpec><setSpec>col_20.500.11984_478</setSpec></header><metadata><record xmlns="http://www.loc.gov/MARC21/slim" xmlns:dcterms="http://purl.org/dc/terms/" xmlns:xsi="http://www.w3.org/2001/XMLSchema-instance" xmlns:doc="http://www.lyncode.com/xoai" xsi:schemaLocation="http://www.loc.gov/MARC21/slim http://www.loc.gov/standards/marcxml/schema/MARC21slim.xsd">
   <leader>00925njm 22002777a 4500</leader>
   <datafield ind2=" " ind1=" " tag="042">
      <subfield code="a">dc</subfield>
   </datafield>
   <datafield ind2=" " ind1=" " tag="720">
      <subfield code="a">Perez-Martin, Maria Jesus</subfield>
      <subfield code="e">author</subfield>
   </datafield>
   <datafield ind2=" " ind1=" " tag="260">
      <subfield code="c">2020</subfield>
   </datafield>
   <datafield ind2=" " ind1=" " tag="520">
      <subfield code="a">The   flow   stress   behaviour   of   a   directionally   solidified   nickel-base   superalloy,MAR-M247, is presented through the combination of experiments and crystal-plasticity simulations.The  experimental  campaign  encompassed  quasi-static  and  dynamic  testing  in  the  parallel  andperpendicular orientation with respect to the columnar grains. The material showed low strain-ratesensitivity in all cases. Virtual samples were generated with DREAM3d and each grain orientation wasestablished according to the DS nature of the alloy. The elasto-visco-plastic response of each crystalis given by phenomenological-base equations, considering the dislocation–dislocation interactionsamong  different  slip  systems.   The  hardening-function  constants  and  the  strain-rate  sensitivityparameter were fitted with the information from tests parallel to the grain-growth direction and themodel was able to predict with accuracy the experimental response in the perpendicular direction,confirming the suitability of the model to be used as a tool for virtual testing.  Simulations alsorevealed that in oligocrystalline structures of this type, the yield-strength value is controlled bythe grains with higher Schmid factor, while this influence decreases when plastic strain increases.Moreover, the analysis of the micro-fields confirmed that grains perpendicular to the loading axis areprone to nucleate cavities since the stresses in these regions can be twice the external applied stress.</subfield>
   </datafield>
   <datafield ind1="8" ind2=" " tag="024">
      <subfield code="a">1996-1944</subfield>
   </datafield>
   <datafield ind1="8" ind2=" " tag="024">
      <subfield code="a">https://katalogoa.mondragon.edu/janium-bin/janium_login_opac.pl?find&amp;ficha_no=159336</subfield>
   </datafield>
   <datafield ind1="8" ind2=" " tag="024">
      <subfield code="a">https://hdl.handle.net/20.500.11984/1789</subfield>
   </datafield>
   <datafield tag="653" ind2=" " ind1=" ">
      <subfield code="a">crystal plasticity</subfield>
   </datafield>
   <datafield tag="653" ind2=" " ind1=" ">
      <subfield code="a">nickel-base superalloy</subfield>
   </datafield>
   <datafield tag="653" ind2=" " ind1=" ">
      <subfield code="a">oligocrystal</subfield>
   </datafield>
   <datafield tag="653" ind2=" " ind1=" ">
      <subfield code="a">Finite element method</subfield>
   </datafield>
   <datafield tag="653" ind2=" " ind1=" ">
      <subfield code="a">high strain rates</subfield>
   </datafield>
   <datafield ind2="0" ind1="0" tag="245">
      <subfield code="a">Crystal-plasticity-finite-element modeling of the dynamic response of a directionally solidified nickel-based superalloy</subfield>
   </datafield>
</record></metadata></record></GetRecord></OAI-PMH>